IPD UK monthly index (Record no. 107194)

MARC details
000 -LEADER
fixed length control field 01149cad a22002295a 4500
001 - CONTROL NUMBER
control field L138526
008 - FIXED-LENGTH DATA ELEMENTS--GENERAL INFORMATION
fixed length control field 070522s2007 xxkd f s 000 0 eng d
035 ## - SYSTEM CONTROL NUMBER
System control number (Sirsi) u138526
041 0# - LANGUAGE CODE
Language code of text/sound track or separate title eng
050 04 - LIBRARY OF CONGRESS CALL NUMBER
Classification number 333.33016 $2 18
110 2# - MAIN ENTRY--CORPORATE NAME
Corporate name or jurisdiction name as entry element Investment Property Databank
9 (RLIN) 2288
245 00 - TITLE STATEMENT
Title IPD UK monthly index
Remainder of title end-May 07
Medium [electronic publication]
260 ## - PUBLICATION, DISTRIBUTION, ETC.
Place of publication, distribution, etc. London
Name of publisher, distributor, etc. IPD
Date of publication, distribution, etc. 2007
490 #0 - SERIES STATEMENT
Series statement IPD UK Monthly Index
Volume/sequential designation May 2007
520 ## - SUMMARY, ETC.
Summary, etc. Reports total returns on property to have increased by 13.9% over the last 12 months, compared to 21.7% for equities and a 0.2% decrease for Gilts. Reports total returns on property at 0.7% over the last month, with retail property returns at 0.4%, office returns at 1.1%, and industrial returns at 0.7%. Graphs depict 12 month total return and 3 month rental value growth.
590 ## - LOCAL NOTE (RLIN)
Local note KA
650 24 - SUBJECT ADDED ENTRY--TOPICAL TERM
Topical term or geographic name entry element IPD UK MONTHLY INDEX
651 #4 - SUBJECT ADDED ENTRY--GEOGRAPHIC NAME
Geographic name United Kingdom
Chronological subdivision
690 ## - LOCAL SUBJECT ADDED ENTRY--TOPICAL TERM (OCLC, RLIN)
Topical term or geographic name as entry element PROPERTY-COMMERCIAL PROPERTY-COMMERCIAL PROPERTY FINANCE AND INVESTMENT
856 40 - ELECTRONIC LOCATION AND ACCESS
Uniform Resource Identifier <a href="https://www.ipd.com/LinkClick.aspx?fileticket=1yhP1OfiHfo%3d&tabid=1017&mid=2414">https://www.ipd.com/LinkClick.aspx?fileticket=1yhP1OfiHfo%3d&tabid=1017&mid=2414</a>
Public note View the item free of charge at www.ipd.com
942 ## - ADDED ENTRY ELEMENTS (KOHA)
Suppress in OPAC 0
Holdings
Withdrawn status Lost status Source of classification or shelving scheme Damaged status Not for loan Home library Current library Shelving location Date acquired Total Checkouts Full call number Barcode Date last seen Copy number Price effective from Koha item type
    Dewey Decimal Classification     Virtual Virtual Online 18/06/2007   ONLINE PUBLICATION 138526-1001 06/08/2019 1 06/08/2019 Book